1990s Rock Bands A-Z - Statistics

General Stats
  • This quiz has been taken 809 times
  • The average score is 13 of 26
Answer Stats
Letter Songs Answer % Correct
N Smells Like Teen Spirit | Come As You Are Nirvana
96%
O Wonderwall | Don't Look Back In Anger Oasis
95%
M Enter Sandman | Nothing Else Matters Metallica
92%
R Losing My Religion | Everybody Hurts R.E.M.
91%
B Song 2 | Parklife Blur
81%
F Everlong | Learn To Fly Foo Fighters
78%
V Bittersweet Symphony | Lucky Man The {Verve}
77%
S Black Hole Sun | Spoonman Soundgarden
76%
P Even Flow | Alive Pearl Jam
70%
W Buddy Holly | El Scorcho Weezer
70%
K Freak On A Leash | Falling Away From Me Korn
60%
L Break Stuff | Nookie Limp Bizkit
58%
A Man In The Box | Would? Alice In Chains
57%
G Only Happy When It Rains | Stupid Girl Garbage
45%
H Celebrity Skin | Malibu Hole
45%
I Drive | Pardon Me Incubus
39%
T Sober | Forty Six & 2 Tool
30%
D Breakfast at Tiffany’s | Josey Deep Blue Something
28%
C The Distance | Never There Cake
26%
E Santa Monica | Father Of Mine Everclear
26%
U Cats In The Cradle | Everything About You Ugly Kid Joe
25%
J Been Caught Stealing | Stop! Jane's Addiction
24%
Q Silent Lucidity | Jet City Woman Queensryche
24%
Y Autumn Sweater | Green Arrow Yo La Tengo
4%
X Rusty Nail | Silent Jealousy X Japan
3%
Z Big Salty Tears | Surfin Buena Park The {Ziggens}
2%
No matching quizzes found
Score Distribution
Percent of People with Each Score
Percentile by Number Answered
Your Score History
You have not taken this quiz